| 000 | 00815nam a2200193 a 4500 | ||
|---|---|---|---|
| 003 | 0 | ||
| 005 | 20250522113258.0 | ||
| 008 | 030519s19uu xx 00 eng d | ||
| 050 |
_aPHS HQ 518 _b.C37 2003 |
||
| 100 | _aCastañeda, Ma. Princess A. | ||
| 245 |
_aA Comparative study on the perceptions of Filipino female teenagers from SIS and St. Scholastica's College regarding the changing family value system / _cMa. Princess A. Castañeda. |
||
| 260 |
_aLas Piñas City, Philippines : _bSouthville International School and Colleges, _c2003. |
||
| 300 |
_a34 pages : _billustrations ; _c28 cm. |
||
| 504 | _aIncludes bibliographical references. | ||
| 650 |
_aFamily values _zPhilippines. |
||
| 650 |
_aTeenage girls _zPhilippines _xAttitudes. |
||
| 650 |
_aFamilies _xSocial change _zPhilippines. |
||
| 942 |
_2lcc _cPASS |
||
| 999 |
_c96772 _d96772 |
||